Project Management (Record no. 52527)

000 -LEADER
fixed length control field 00361nam a2200145Ia 4500
020 ## - INTERNATIONAL STANDARD BOOK NUMBER
International Standard Book Number 9.7893607485e+012
082 ## - DEWEY DECIMAL CLASSIFICATION NUMBER
Classification number 658
Item number NAG/P
100 ## - MAIN ENTRY--PERSONAL NAME
Personal name 20260330u\\\\\\\\\\\y0engy0103\\\\ba
100 ## - MAIN ENTRY--PERSONAL NAME
Personal name Nagarajan, K.
245 #0 - TITLE STATEMENT
Title Project Management
250 ## - EDITION STATEMENT
Edition statement 9th
260 ## - PUBLICATION, DISTRIBUTION, ETC.
Place of publication, distribution, etc. New Delhi
Name of publisher, distributor, etc. New Age International Publishers
Date of publication, distribution, etc. 2025
300 ## - PHYSICAL DESCRIPTION
Extent 735p.
942 ## - ADDED ENTRY ELEMENTS (KOHA)
Koha item type Book

No items available.

All Rights Reserved@MUIT

Powered by Koha